| 000 | 00691nam a2200229Ia 4500 | ||
|---|---|---|---|
| 003 | OSt | ||
| 005 | 20220923212115.0 | ||
| 006 | a|||||r|||| 00| 0 | ||
| 007 | ta | ||
| 008 | 220922b |||||||| |||| 00| 0 hin d | ||
| 024 | _a150,758 | ||
| 037 | _cTextual | ||
| 040 |
_aARTS _cARTS _bhin |
||
| 041 |
_2hin _ahin |
||
| 082 | _aLA:A:6, 152J4 | ||
| 100 | _aकेलकर, केशव सदाशिव | ||
| 245 | 0 | _aकभी बीमार न होने की युक्ति | |
| 246 | _aKabhī bīmār n hone kī yukti | ||
| 260 | _c1954 | ||
| 942 |
_hLA:A:6, 152J4 _cTEXL _2CC |
||
| 999 |
_c306438 _d306438 |
||